ბათუმის შოთა რუსთაველის სახელმწიფო უნივერსიტეტის ბიბლიოთეკა

კალმასობა. ტ.2 (ბიბ.ჩანაწერი № 49922)

000 -LEADER
fixed length control field 00853nam a2200205Ia 4500
001 - CONTROL NUMBER
control field 16858
003 - CONTROL NUMBER IDENTIFIER
control field GE_BSU
008 - FIXED-LENGTH DATA ELEMENTS--GENERAL INFORMATION
fixed length control field 181216s||||||||xx |||||||||||||| ||und||
040 ## - CATALOGING SOURCE
Transcribing agency GE_BSU
080 ## - UNIVERSAL DECIMAL CLASSIFICATION NUMBER
Universal Decimal Classification number 821.353.1-32 + 030=353.1 + 94(479.22)"18"(093.3) + 910.4(479.22) + 910.4(470) + 27-36(479.22)
100 ## - MAIN ENTRY--PERSONAL NAME
Personal name ბატონიშვილი,იოანე
245 ## - TITLE STATEMENT
Title კალმასობა. ტ.2
260 ## - PUBLICATION, DISTRIBUTION, ETC.
Place of publication, distribution, etc. თბილისი
260 ## - PUBLICATION, DISTRIBUTION, ETC.
Name of publisher, distributor, etc. სახელგამი
260 ## - PUBLICATION, DISTRIBUTION, ETC.
Date of publication, distribution, etc. 1948
300 ## - PHYSICAL DESCRIPTION
Extent 254 გვ. 23 სმ.
653 ## - INDEX TERM--UNCONTROLLED
Uncontrolled term კალმასობა
653 ## - INDEX TERM--UNCONTROLLED
Uncontrolled term მოგზაურობა საქართველოში; მოგზაურობა რუსეთში; საქართველოს ისტორია; ქართველი წმინდანები;
942 ## - ADDED ENTRY ELEMENTS (KOHA)
Koha item type წიგნი
ეგზემპლარები
Withdrawn status Lost status Damaged status Not for loan Date acquired Barcode Date last seen Price effective from Koha item type
        2018-12-17 21894 2018-12-17 2018-12-17 წიგნი